00617nam a22001097a 4500040000800000082002700008100002100035245031200056260002600368300002600394856008700420 cRUA aAGR THE 2010 B064 Or.1 aTHENG, PHEAKDEY. aeffects du semis direct sur la couverture vegetale sur la matiere organique et le matiere organique et le carbone dans le sol (ឥទ្ធុិពលរបស់ដំណាំគំរបដី ទៅលើសារធាតុសរីរាង្គ និងកាបូននៅក្នុងដី) aPhnom PenhbRUAc2010 avi, 40p.bill.c29cm. uhttps://drive.google.com/file/d/1558vBTT1h2GUH2BYFJpDCx9Iu53pzrBu/view?usp=sharing